| 000 | 01051nam a2200241Ia 4500 | ||
|---|---|---|---|
| 001 | 11534 | ||
| 003 | GE_BSU | ||
| 008 | 181216s||||||||xx |||||||||||||| ||und|| | ||
| 040 | _cGE_BSU | ||
| 080 | _a63:54(076.5)+631.8(076.5) | ||
| 100 | _aსარიშვილი,ი; ა.მენაღარიშვილი; ბ.გერასიმოვი. | ||
| 245 | _aაგრონომიის პრაქტიკუმი. | ||
| 245 | _bაგრონომიული კვლევის მეთოდები; სახელმძღვ.სას.–სამ.ინ–ტის სტუდენტებისათვის. | ||
| 245 | _cრედ:ტ.ზოზრაშვილი. | ||
| 250 | _aმე–6 შევსებ. და შესწ. გამოც. | ||
| 260 | _aთბილისი. | ||
| 260 | _bგანათლება. | ||
| 260 | _c1972. | ||
| 300 | _a511გვ;22სმ. | ||
| 300 | _eცხრ. | ||
| 653 | _aაგრონომიის პრაქტიკუმი. | ||
| 942 | _cBK | ||
| 999 |
_c44729 _d44729 |
||